LIBRARY & INFORMATION CENTRE, KCAET, TAVANUR

ONLINE PUBLIC ACCESS CATALOGUE (OPAC)

Outlines of botany: A text book for degree classes / (Record no. 10815)

MARC details
000 -LEADER
fixed length control field 00469cam a2200181ua 4500
041 ## - LANGUAGE CODE
Language code of text/sound track or separate title eng
082 ## - DEWEY DECIMAL CLASSIFICATION NUMBER
Classification number 581
Item number NAR/OU
100 ## - MAIN ENTRY--AUTHOR NAME
Personal name Narayanaswami, R.V .
245 ## - TITLE STATEMENT
Title Outlines of botany: A text book for degree classes /
260 ## - PUBLICATION, DISTRIBUTION, ETC. (IMPRINT)
Place of publication Chennai :
Name of publisher S.Viswanathan ,
Year of publication 1965.
300 ## - PHYSICAL DESCRIPTION
Number of Pages 890 ; .
942 ## - ADDED ENTRY ELEMENTS (KOHA)
Koha item type Books
Holdings
Withdrawn status Lost status Damaged status Home library Current library Date acquired Full call number Accession Number Koha item type
Withdrawn     KAUAET KAUAET 07/04/2012 581 NAR/OU 8058 Books
Withdrawn     KAUAET KAUAET 07/04/2012 581 NAR/OU 8183 Books
free website counter